000 00459nam a22001457u 4500
008 130405s1962 xxu||||| |||| 00| 0 spa d
041 _aspa
245 0 0 _aDicionario enciclopédico de la lengua española
_cJosé Alemany Y Bolufer
260 _aBarcelona:
_bRamón Sopena,
_c1962
300 _a1119,CXXXIV p.
_c;21 cm.
_elám.
650 0 4 _aFilología Española
_vDiccionarios
_932950
700 1 _aAlemany y Bolufer, José
_944743
942 _cBK
001 24627
999 _c292639
_d292639